Don Quijote de la Mancha

Saved in:
Bibliographic Details
Main Author: Cervantes y Saavedra, Miguel de (Author)
Format: Book
Language:Spanish
Published: Barcelona AFHA Internacional 1979
Edition:6a. ed
Series:Nuevo auriga, 16
Subjects:
Tags: Add Tag
No Tags, Be the first to tag this record!

MARC

LEADER 00000nam a2200000 a 4500
001 UCZ0175
003 CL-VaPUC
008 950724e19790000SP |||||||||||||||||spa|d
082 0 4 |a 863  |b CER  |2 21 
100 |a Cervantes y Saavedra, Miguel de  |e author  |9 267947 
245 1 0 |a Don Quijote de la Mancha 
250 |a 6a. ed 
300 |a 158 p 
942 |c BK 
945 |d 19950724 00:00:00  |a lriquelm 
260 |a Barcelona  |b AFHA Internacional  |c 1979 
650 0 |a Novelas españolas  |9 265052 
650 0 |a Literatura española  |9 306261 
650 0 |a Formas y géneros literarios  |9 324031 
583 |a last modification  |c 19950724 00:00:00  |k Rodrigo Vera 
490 0 |a Nuevo auriga, 16 
999 |c 237138  |d 237136 
952 |0 0  |1 0  |4 0  |6 863_000000000000000_CER_1979  |7 0  |8 A  |9 245948  |a BIBEDU  |b BIBEDU  |d 2019-11-18  |i 1541234  |o 863 CER 1979  |p 1541234  |r 2019-11-18  |w 2019-11-18  |y BK  |k EDU